[Event "4NCL Division Four"]
[Site "Telford, ENG"]
[Date "2024.05.05"]
[Round "10.16"]
[White "Potter, Steven"]
[Black "Kitchen, Michael J"]
[Result "1-0"]
[WhiteElo "1871"]
[BlackElo "1505"]
[PlyCount "143"]
[EventDate "2024.05.05"]
[WhiteTeam "Average Woodpushers"]
[BlackTeam "Celtic Tigers 3"]

1. d4 d5 2. Bg5 h6 3. Bh4 Nd7 4. e3 Ngf6 5. Nd2 e6 6. Bd3 Be7 7. Ngf3 a6 8. a3
c5 9. c4 cxd4 10. Nxd4 Ne5 11. Be2 Nfd7 12. Bxe7 Qxe7 13. cxd5 exd5 14. N2f3
Nf6 15. Rc1 Ne4 16. Nxe5 Qxe5 17. Qa4+ Bd7 18. Qb4 Rb8 19. O-O Qd6 20. Qxd6
Nxd6 21. Bf3 Ne4 22. Rc2 O-O 23. Rfc1 Nf6 24. h3 Rfc8 25. Rc7 Ne8 26. Rxc8 Rxc8
27. Rxc8 Bxc8 28. Bxd5 Nf6 29. Bf3 Kf8 30. Nb3 b6 31. Nd4 Bd7 32. b4 Ke7 33.
Be2 b5 34. Nb3 Bc8 35. Nc5 Ne8 36. Bd1 Nc7 37. a4 bxa4 38. Bxa4 Nd5 39. b5 axb5
40. Bxb5 f5 41. Bc4 Kd6 42. Nd3 Be6 43. Bxd5 Bxd5 44. h4 g5 45. Kh2 Be4 46. Ne1
Ke5 47. hxg5 hxg5 48. f3 Bb1 49. Kh3 Kf6 50. Kg3 Ke5 51. Kf2 Kd5 52. Ke2 g4 53.
Nd3 Kc4 54. Ne5+ Kd5 55. Ng6 Kd6 56. Kd2 Ke6 57. Nf4+ Kf6 58. Kc3 Ba2 59. Kd4
Bf7 60. Nd3 gxf3 61. gxf3 Bh5 62. f4 Bf3 63. Ne5 Bb7 64. Nd7+ Ke7 65. Nc5 Bc8
66. Ke5 Kf7 67. Kd6 Kf6 68. Kc7 Be6 69. Nxe6 Kxe6 70. Kc6 Ke7 71. Kd5 Kf6 72.
Kd6 1-0

[Event "4NCL Division Four"]
[Site "Telford, ENG"]
[Date "2024.05.05"]
[Round "10.21"]
[White "Kothari, Jai"]
[Black "Cooper, John G"]
[Result "0-1"]
[WhiteElo "2143"]
[BlackElo "2263"]
[PlyCount "46"]
[EventDate "2024.05.05"]
[WhiteTeam "Guildford Young Guns"]
[BlackTeam "North West Eagles"]

1. e4 c5 2. Nc3 e6 3. f4 Nc6 4. Nf3 d5 5. Bb5 Nge7 6. Ne5 Bd7 7. Qe2 Nxe5 8.
fxe5 d4 9. Nd1 Ng6 10. O-O Nxe5 11. c3 Bd6 12. Nf2 O-O 13. Bxd7 Qxd7 14. Ng4 d3
15. Qd1 c4 16. a4 Nxg4 17. Qxg4 Qc7 18. g3 f5 19. exf5 Rxf5 20. Rxf5 exf5 21.
Qxf5 Rf8 22. Qd5+ Kh8 23. b4 Bxg3 0-1

[Event "4NCL Division Four"]
[Site "Telford, ENG"]
[Date "2024.05.05"]
[Round "10.22"]
[White "Zeidler, Sven P."]
[Black "Sefton, Adam"]
[Result "0-1"]
[WhiteElo "2205"]
[BlackElo "1926"]
[PlyCount "88"]
[EventDate "2024.05.05"]
[WhiteTeam "North West Eagles"]
[BlackTeam "Guildford Young Guns"]

1. e4 c5 2. Nc3 a6 3. g3 b5 4. Bg2 Bb7 5. Nge2 Nc6 6. O-O e6 7. d4 cxd4 8. Nxd4
Bc5 9. Nb3 Bb6 10. e5 Nge7 11. Ne4 O-O 12. Nbc5 Bc8 13. Bg5 h6 14. Be3 Nf5 15.
Bf4 Ra7 16. Nd3 Bc7 17. Qg4 Kh8 18. Nd6 Nxe5 19. Nxe5 Bxd6 20. Rad1 Qc7 21.
Rfe1 Bb7 22. Bxb7 Rxb7 23. Qh5 Kg8 24. g4 Ne7 25. g5 hxg5 26. Nxd7 Bxf4 27.
Nxf8 Kxf8 28. Qh8+ Ng8 29. Rd3 Rb6 30. h4 Qe7 31. Rc3 Rb8 32. Rd1 gxh4 33. Rcd3
Qg5+ 34. Kf1 Re8 35. Rd7 Qh6 36. Qxh6 Nxh6 37. Ra7 g5 38. Rxa6 g4 39. Rb6 Rc8
40. c3 Rc5 41. Rd7 Rf5 42. Rdb7 Be3 43. Rxb5 Rxf2+ 44. Ke1 g3 0-1

[Event "4NCL Division Four"]
[Site "Telford, ENG"]
[Date "2024.05.05"]
[Round "10.23"]
[White "Welling, Zac"]
[Black "Kee, Steve"]
[Result "0-1"]
[WhiteElo "1922"]
[BlackElo "2166"]
[PlyCount "128"]
[EventDate "2024.05.05"]
[WhiteTeam "Guildford Young Guns"]
[BlackTeam "North West Eagles"]

1. e4 c5 2. Nc3 Nc6 3. f4 e6 4. Nf3 d5 5. Bb5 Nf6 6. Bxc6+ bxc6 7. d3 Ba6 8. e5
Ng8 9. b3 Nh6 10. O-O Nf5 11. Na4 c4 12. dxc4 dxc4 13. Qxd8+ Rxd8 14. Re1 h5
15. Bb2 Be7 16. Rad1 cxb3 17. Rxd8+ Kxd8 18. axb3 Bb5 19. Nd4 Nxd4 20. Bxd4
Bxa4 21. bxa4 c5 22. Rb1 Kc7 23. Be3 Rb8 24. Rxb8 Kxb8 25. Kf2 Kb7 26. Ke2 Ka6
27. Kd3 Ka5 28. Kc4 Kxa4 29. Bxc5 Bxc5 30. Kxc5 a5 31. c4 Kb3 32. Kb5 a4 33. c5
a3 34. c6 a2 35. c7 a1=Q 36. c8=Q Qa4+ 37. Kb6 Qxf4 38. Qg8 g6 39. Qg7 Kc4 40.
g3 Qf3 41. Kc7 Kd5 42. Kb6 Qb3+ 43. Kc7 Qa4 44. Qf6 Qa7+ 45. Kc8 Qa8+ 46. Kc7
Qa5+ 47. Kb7 Qb4+ 48. Ka6 Qa3+ 49. Kb7 Qb2+ 50. Kc8 Qxe5 51. Qxf7 Qc3+ 52. Kb7
Qb2+ 53. Ka7 Qa1+ 54. Kb7 Qb1+ 55. Kc7 Qf5 56. Qd7+ Ke4 57. Qa4+ Kf3 58. Qa2 e5
59. Qd2 e4 60. Qd1+ Kg2 61. Qc2+ Kh3 62. Qc3 Qf3 63. Qc6 Kxh2 64. Qc2+ Kxg3 0-1

[Event "4NCL Division Four"]
[Site "Telford, ENG"]
[Date "2024.05.05"]
[Round "10.24"]
[White "Erskine-Pereira, Jack"]
[Black "Twisk, Sebastian"]
[Result "1-0"]
[WhiteElo "1992"]
[BlackElo "1955"]
[PlyCount "43"]
[EventDate "2024.05.05"]
[WhiteTeam "North West Eagles"]
[BlackTeam "Guildford Young Guns"]

1. d4 Nf6 2. Bf4 d5 3. Nc3 c5 4. e4 cxd4 5. Qxd4 Nc6 6. Qa4 Nxe4 7. Nxe4 dxe4
8. Bb5 Bd7 9. O-O-O Qb6 10. Ne2 O-O-O 11. Be3 Qa5 12. Rxd7 Rxd7 13. Bxc6 Qxa4
14. Bxa4 Rd6 15. Bf4 Rd8 16. Nc3 f6 17. Be3 a6 18. Nxe4 e5 19. Bb6 Rd5 20. c4
Rd3 21. Kc2 f5 22. Kxd3 1-0

[Event "4NCL Division Four"]
[Site "Telford, ENG"]
[Date "2024.05.05"]
[Round "10.25"]
[White "Jennis, Alistair"]
[Black "Doran, Chris"]
[Result "0-1"]
[WhiteElo "1527"]
[BlackElo "1989"]
[PlyCount "84"]
[EventDate "2024.05.05"]
[WhiteTeam "Guildford Young Guns"]
[BlackTeam "North West Eagles"]

1. c4 Nf6 2. Nf3 g6 3. d4 Bg7 4. g3 O-O 5. Bg2 d6 6. Nc3 Nc6 7. O-O a6 8. b3
Rb8 9. d5 Na5 10. Bg5 h6 11. Bd2 c5 12. dxc6 Nxc6 13. Ne1 Be6 14. Rc1 Kh7 15.
Nd5 Qd7 16. Nxf6+ Bxf6 17. Bc3 Bxc3 18. Rxc3 Bh3 19. f4 Rbd8 20. e4 Bxg2 21.
Kxg2 Qe6 22. Qd3 Nb4 23. Qb1 f5 24. exf5 Rxf5 25. Nf3 Ra5 26. a4 Nc6 27. Re1
Qf6 28. Rce3 e5 29. fxe5 dxe5 30. R1e2 Kg7 31. Qe1 b6 32. Qb1 Nd4 33. Nxd4 Rxd4
34. Rf3 Qc6 35. Qf1 Rd3 36. Ref2 Rxb3 37. Kh3 Qe6+ 38. Kg2 Rxf3 39. Rxf3 Rxa4
40. Qd3 Ra2+ 41. Rf2 Rxf2+ 42. Kxf2 Qf5+ 0-1

[Event "4NCL Division Four"]
[Site "Telford, ENG"]
[Date "2024.05.05"]
[Round "10.26"]
[White "Banerjee, Sanjoy K"]
[Black "Gaseltine, Arthur"]
[Result "1/2-1/2"]
[WhiteElo "1714"]
[BlackElo "1387"]
[PlyCount "77"]
[EventDate "2024.05.05"]
[WhiteTeam "North West Eagles"]
[BlackTeam "Guildford Young Guns"]

1. d4 d5 2. c4 e6 3. Nf3 Nf6 4. Nc3 Be7 5. Bf4 O-O 6. e3 b6 7. Bd3 Bb7 8. cxd5
Nxd5 9. Nxd5 Bxd5 10. O-O Nd7 11. Qc2 Nf6 12. Bxc7 Qc8 13. Rfc1 Qb7 14. Qe2 a6
15. a3 Rfc8 16. Be5 b5 17. Bxf6 Bxf6 18. e4 Bb3 19. Nd2 Bc4 20. e5 Bg5 21. Nxc4
Bxc1 22. Nd6 Qd7 23. Nxc8 Rxc8 24. Qe4 g6 25. Rb1 Bh6 26. Qh4 Bg7 27. Rd1 Rd8
28. a4 Qxd4 29. Qxd4 Rxd4 30. axb5 axb5 31. b3 Rb4 32. Bc2 Bxe5 33. g3 Kf8 34.
f4 Bd4+ 35. Kg2 Bg7 36. Kf3 Rd4 37. Ke3 Rxd1 38. Bxd1 Bc3 39. h3 1/2-1/2

[Event "4NCL Division Four"]
[Site "Telford, ENG"]
[Date "2024.05.05"]
[Round "10.31"]
[White "Madan, Augustin"]
[Black "Davis, Lee"]
[Result "1-0"]
[WhiteElo "2278"]
[BlackElo "2037"]
[PlyCount "73"]
[EventDate "2024.05.05"]
[WhiteTeam "Desert Penguins"]
[BlackTeam "The Full Ponty"]

1. d4 Nf6 2. c4 g6 3. Nc3 Bg7 4. e4 d6 5. h3 O-O 6. Be3 Nfd7 7. g4 e5 8. d5 a5
9. Nge2 Na6 10. Ng3 Ndc5 11. h4 Bd7 12. h5 Qe7 13. Be2 Rab8 14. Qd2 Rfc8 15.
hxg6 fxg6 16. Rh2 Rf8 17. O-O-O Rf4 18. Rdh1 h6 19. Bxf4 exf4 20. Qxf4 Nb4 21.
Kb1 Na4 22. Rxh6 Rf8 23. Qe3 Qf6 24. e5 dxe5 25. Nge4 Qf7 26. Nxa4 Bxa4 27. b3
Bd7 28. a3 Na6 29. Rh7 Qf4 30. R7h3 Bxg4 31. Bxg4 Qxg4 32. Rg3 Qf5 33. Rg5 Qf3
34. Rhg1 Qxe3 35. fxe3 Bh6 36. Rxg6+ Kh7 37. Nf6+ 1-0

[Event "4NCL Division Four"]
[Site "Telford, ENG"]
[Date "2024.05.05"]
[Round "10.32"]
[White "Fletcher, John"]
[Black "Bansal, Rohan"]
[Result "0-1"]
[WhiteElo "2007"]
[BlackElo "1990"]
[PlyCount "86"]
[EventDate "2024.05.05"]
[WhiteTeam "The Full Ponty"]
[BlackTeam "Desert Penguins"]

1. e4 e6 2. d4 d5 3. Nd2 Nf6 4. e5 Nfd7 5. Bd3 c5 6. c3 b6 7. Ne2 Ba6 8. Bxa6
Nxa6 9. Nf3 Nc7 10. h4 Be7 11. h5 h6 12. Be3 c4 13. Qd2 Nf8 14. g4 Nh7 15. Neg1
b5 16. Nh3 Rb8 17. g5 hxg5 18. Nfxg5 Nxg5 19. Nxg5 b4 20. Qe2 Bxg5 21. Qg4 Bh6
22. Bxh6 gxh6 23. Qg7 Kd7 24. cxb4 Qe7 25. a3 Rbg8 26. Qf6 Qxf6 27. exf6 Ne8
28. b3 cxb3 29. Rb1 Nxf6 30. Rxb3 Rg5 31. Rf3 Rc8 32. Kd1 Ke7 33. Rh4 Rg4 34.
Rxg4 Nxg4 35. a4 Rc4 36. Rb3 Nxf2+ 37. Ke2 Ne4 38. Kd3 Nd6 39. Rb1 Nf5 40. a5
Rxd4+ 41. Kc3 Rc4+ 42. Kd3 Kd6 43. b5 Kc7 0-1

[Event "4NCL Division Four"]
[Site "Telford, ENG"]
[Date "2024.05.05"]
[Round "10.33"]
[White "Bharat Kumar, Balahari"]
[Black "Adams, Mark"]
[Result "1/2-1/2"]
[WhiteElo "1895"]
[BlackElo "2013"]
[PlyCount "62"]
[EventDate "2024.05.05"]
[WhiteTeam "Desert Penguins"]
[BlackTeam "The Full Ponty"]

1. d4 Nf6 2. c4 e6 3. Nf3 d5 4. Nc3 a6 5. cxd5 exd5 6. Bg5 Be6 7. e3 Nbd7 8.
Bd3 Bd6 9. O-O h6 10. Bh4 g5 11. Bg3 Bxg3 12. hxg3 c6 13. e4 dxe4 14. Nxe4 Nxe4
15. Bxe4 Nf6 16. Bd3 Qd6 17. Qa4 Rd8 18. Rfe1 O-O 19. Rad1 Kg7 20. d5 Nxd5 21.
Nd4 Qb4 22. Nxe6+ fxe6 23. Qc2 Qe7 24. a3 Qf6 25. Re2 Rde8 26. Qc4 Rf7 27. Qe4
Kf8 28. Bc4 Rfe7 29. Rd3 Kg7 30. Rf3 Qg6 31. Qe5+ Kg8 1/2-1/2

[Event "4NCL Division Four"]
[Site "Telford, ENG"]
[Date "2024.05.05"]
[Round "10.34"]
[White "Perrett, David C"]
[Black "Quillaud, Maxime"]
[Result "1/2-1/2"]
[WhiteElo "2013"]
[BlackElo "1903"]
[PlyCount "56"]
[EventDate "2024.05.05"]
[WhiteTeam "The Full Ponty"]
[BlackTeam "Desert Penguins"]

1. d4 Nf6 2. Bg5 g6 3. Bxf6 exf6 4. e3 f5 5. g3 d5 6. Bg2 c6 7. Ne2 Bd6 8. Nd2
Be6 9. Nf4 Nd7 10. Nxe6 fxe6 11. c4 Nf6 12. Rc1 Qe7 13. O-O g5 14. f4 g4 15. c5
Bc7 16. b4 a6 17. a4 h5 18. b5 axb5 19. axb5 h4 20. b6 Bd8 21. Re1 Ne4 22. Nxe4
dxe4 23. Ra1 Rxa1 24. Qxa1 Rh6 25. Kf2 Qh7 26. Rh1 Rh5 27. Rg1 hxg3+ 28. hxg3
Rh2 1/2-1/2

[Event "4NCL Division Four"]
[Site "Telford, ENG"]
[Date "2024.05.05"]
[Round "10.35"]
[White "Ding, Yiwen"]
[Black "Roberts, David L"]
[Result "1/2-1/2"]
[WhiteElo "1806"]
[BlackElo "1992"]
[PlyCount "53"]
[EventDate "2024.05.05"]
[WhiteTeam "Desert Penguins"]
[BlackTeam "The Full Ponty"]

1. d4 Nf6 2. c4 e6 3. Nf3 c5 4. e3 cxd4 5. exd4 d5 6. Be2 dxc4 7. Bxc4 Be7 8.
O-O O-O 9. Nc3 Nc6 10. Re1 b6 11. Bg5 Bb7 12. a3 Rc8 13. Ba2 Rc7 14. d5 Nxd5
15. Nxd5 exd5 16. Qxd5 Nd4 17. Qxd4 Qxd4 18. Nxd4 Bxg5 19. Nb5 Rc5 20. Nd6 Bd5
21. b4 Rc6 22. Bxd5 Rxd6 23. Rad1 Rfd8 24. Bb3 Kf8 25. Rxd6 Rxd6 26. Ba4 g6 27.
Rd1 1/2-1/2

[Event "4NCL Division Four"]
[Site "Telford, ENG"]
[Date "2024.05.05"]
[Round "10.36"]
[White "Hughes, Anthony"]
[Black "Ding, Yicheng"]
[Result "1-0"]
[WhiteElo "1854"]
[BlackElo "1602"]
[PlyCount "117"]
[EventDate "2024.05.05"]
[WhiteTeam "The Full Ponty"]
[BlackTeam "Desert Penguins"]

1. c4 e5 2. Nc3 Nf6 3. g3 d5 4. cxd5 Nxd5 5. Bg2 Nb6 6. d3 Be7 7. Nf3 Nc6 8. a3
Be6 9. b4 a5 10. b5 Nd4 11. O-O Bb3 12. Qd2 Be6 13. Rb1 O-O 14. Nxe5 Bf6 15.
Nf3 Nb3 16. Qc2 a4 17. Bb2 Qd7 18. e4 Nd4 19. Nxd4 Bxd4 20. Nd5 Bxb2 21. Nxb6
cxb6 22. Rxb2 Bb3 23. Qd2 Qxb5 24. Rc1 Rac8 25. Bf1 Qe5 26. Rbb1 Rxc1 27. Rxc1
Qd6 28. Qb2 f6 29. d4 h6 30. Bc4+ Bxc4 31. Rxc4 b5 32. Qxb5 Qxa3 33. Qxa4 Qd3
34. Qc2 Qa3 35. Rc3 Qa7 36. Qb3+ Kh8 37. Qa3 Qb8 38. Qb4 Re8 39. f3 Qd8 40. Rb3
Qd7 41. Kg2 Rc8 42. Rb2 Rd8 43. d5 Rb8 44. Qb5 Qc7 45. Qb6 Qe5 46. d6 Kh7 47.
d7 Qc3 48. Qb4 Qxb4 49. Rxb4 b5 50. Rxb5 Rd8 51. Rd5 Kg8 52. Kf2 Kf7 53. Ke3
Ke7 54. Kf4 g6 55. e5 fxe5+ 56. Kxe5 Rf8 57. d8=Q+ Rxd8 58. Rxd8 Kxd8 59. Kf6
1-0

[Event "4NCL Division Four"]
[Site "Telford, ENG"]
[Date "2024.05.05"]
[Round "10.41"]
[White "Rathbone-Jones, Ifan"]
[Black "Tringali, Alessandro"]
[Result "1/2-1/2"]
[WhiteElo "2004"]
[BlackElo "1790"]
[PlyCount "90"]
[EventDate "2024.05.05"]
[WhiteTeam "ToBeDecided"]
[BlackTeam "Oxford 3"]

1. Nf3 d5 2. d4 Nf6 3. c4 e6 4. g3 Bb4+ 5. Bd2 Be7 6. Bg2 O-O 7. cxd5 exd5 8.
O-O c6 9. Nc3 Nbd7 10. Qc2 Bb4 11. Nd1 Bd6 12. Nh4 Re8 13. Nf5 Bf8 14. Nc3 Nb6
15. b3 Ne4 16. Ne3 f5 17. Nxe4 fxe4 18. f3 exf3 19. exf3 g6 20. f4 Bg7 21. Qd3
Qf6 22. Bc3 Bf5 23. Nxf5 Qxf5 24. Qxf5 gxf5 25. Rae1 Kf7 26. Bf3 Kg6 27. g4 Nd7
28. g5 Nf8 29. h4 h5 30. Bg2 Re6 31. Kf2 Rae8 32. Rxe6+ Rxe6 33. Rd1 Nd7 34.
Rd3 Nb6 35. a4 Nc8 36. Re3 Rxe3 37. Kxe3 Nd6 38. Bf1 a6 39. Ba5 Ne4 40. Bb6 Bf8
41. Ba5 Ba3 42. Kd3 Bc1 43. Bc7 Ba3 44. Ba5 Bc1 45. Bc7 Ba3 1/2-1/2

[Event "4NCL Division Four"]
[Site "Telford, ENG"]
[Date "2024.05.05"]
[Round "10.42"]
[White "Neatherway, A Philip"]
[Black "Larkin, Benjamin"]
[Result "0-1"]
[WhiteElo "1831"]
[BlackElo "1934"]
[PlyCount "30"]
[EventDate "2024.05.05"]
[WhiteTeam "Oxford 3"]
[BlackTeam "ToBeDecided"]

1. e4 d5 2. exd5 Qxd5 3. c4 Qe4+ 4. Qe2 Qxe2+ 5. Bxe2 Nc6 6. Nf3 e5 7. Nc3 Bf5
8. a3 O-O-O 9. O-O Nge7 10. Re1 f6 11. Bd1 Ng6 12. b4 Nf4 13. d4 Nd3 14. Re3
Nxc1 15. Rxc1 exd4 0-1

[Event "4NCL Division Four"]
[Site "Telford, ENG"]
[Date "2024.05.05"]
[Round "10.43"]
[White "Gurner, Jem"]
[Black "Poderico, Francesco"]
[Result "1-0"]
[WhiteElo "1990"]
[BlackElo "1723"]
[PlyCount "49"]
[EventDate "2024.05.05"]
[WhiteTeam "ToBeDecided"]
[BlackTeam "Oxford 3"]

1. e4 c5 2. Nf3 a6 3. c4 Nc6 4. d4 cxd4 5. Nxd4 Nf6 6. Nc3 d6 7. Be2 g6 8. Be3
Bg7 9. h3 Bd7 10. O-O O-O 11. Qd2 Rc8 12. Rac1 Re8 13. Rfd1 Qa5 14. b3 Nxd4 15.
Bxd4 Bc6 16. Bf3 b5 17. cxb5 Bxb5 18. Qe3 Bd7 19. Be2 Be6 20. Na4 Nd7 21. Bxg7
Kxg7 22. Qd4+ Kg8 23. Nc3 Qa3 24. Qd2 f6 25. Nb1 1-0

[Event "4NCL Division Four"]
[Site "Telford, ENG"]
[Date "2024.05.05"]
[Round "10.44"]
[White "Rumsby, Stephen"]
[Black "Cave, Iwan"]
[Result "0-1"]
[WhiteElo "1702"]
[BlackElo "1971"]
[PlyCount "32"]
[EventDate "2024.05.05"]
[WhiteTeam "Oxford 3"]
[BlackTeam "ToBeDecided"]

1. e4 e5 2. Nf3 Nf6 3. Nc3 Nc6 4. Bc4 Nxe4 5. Bxf7+ Kxf7 6. Nxe4 d5 7. Neg5+
Kg8 8. d3 h6 9. Nh3 Bg4 10. c3 Qf6 11. Nhg1 Rd8 12. Qb3 Kh7 13. Be3 d4 14. cxd4
Bb4+ 15. Bd2 Nxd4 16. Qxb4 Nc2+ 0-1

[Event "4NCL Division Four"]
[Site "Telford, ENG"]
[Date "2024.05.05"]
[Round "10.45"]
[White "Cotterill, Sam"]
[Black "Kocan, Barry A"]
[Result "1-0"]
[WhiteElo "1852"]
[BlackElo "1679"]
[PlyCount "75"]
[EventDate "2024.05.05"]
[WhiteTeam "ToBeDecided"]
[BlackTeam "Oxford 3"]

1. c4 Nf6 2. g3 g6 3. Bg2 c5 4. Nc3 Nc6 5. Nf3 Bg7 6. d4 cxd4 7. Nxd4 O-O 8.
O-O Nxd4 9. Qxd4 a6 10. Qd3 Qc7 11. Rd1 d6 12. Bg5 h6 13. Bxf6 Bxf6 14. Nd5 Qb8
15. Nxf6+ exf6 16. Qxd6 Qxd6 17. Rxd6 f5 18. Rad1 Rb8 19. Rb6 Re8 20. e3 Kg7
21. Rdd6 Re5 22. Bd5 Re7 23. b4 Be6 24. Bxe6 fxe6 25. c5 Rc8 26. Rxe6 Rxe6 27.
Rxe6 Rc7 28. Rd6 Kf7 29. Kf1 Re7 30. Ke2 Re6 31. Rxe6 Kxe6 32. Kd3 Kd5 33. f3
a5 34. a3 axb4 35. axb4 g5 36. h3 h5 37. h4 gxh4 38. gxh4 1-0

[Event "4NCL Division Four"]
[Site "Telford, ENG"]
[Date "2024.05.05"]
[Round "10.51"]
[White "Onley, David E"]
[Black "Rubeck, Jonathan"]
[Result "1-0"]
[WhiteElo "2156"]
[BlackElo "1927"]
[PlyCount "83"]
[EventDate "2024.05.05"]
[WhiteTeam "War and Piece A"]
[BlackTeam "Watford A"]

1. e4 e6 2. d4 d5 3. Nd2 Nf6 4. e5 Nfd7 5. f4 c5 6. c3 Nc6 7. Ndf3 cxd4 8. cxd4
g6 9. Bd3 Bg7 10. Ne2 O-O 11. O-O f6 12. Kh1 fxe5 13. fxe5 Nb6 14. Bg5 Qe8 15.
Nc3 a6 16. Qb3 Nd7 17. Ne2 b5 18. a4 b4 19. a5 Ra7 20. Qa4 Ndb8 21. Bd2 Rb7 22.
Qc2 b3 23. Qc5 Qe7 24. Rac1 Qxc5 25. Rxc5 Nb4 26. Bxb4 Rxb4 27. Rfc1 Bd7 28.
R1c3 Bh6 29. Nc1 Ba4 30. Rc7 Be3 31. Ne2 Rf7 32. h4 Rb7 33. Rxf7 Kxf7 34. Bxg6+
Kxg6 35. Rxe3 Rc7 36. Rc3 Nc6 37. Ng5 Re7 38. Rf3 Kh5 39. Nxe6 Kxh4 40. Rf4+
Kh5 41. Ng3+ Kg6 42. Rf6# 1-0

[Event "4NCL Division Four"]
[Site "Telford, ENG"]
[Date "2024.05.05"]
[Round "10.52"]
[White "Lancaster, Roger"]
[Black "Tenin, Aleksander"]
[Result "0-1"]
[WhiteElo "1948"]
[BlackElo "2061"]
[PlyCount "122"]
[EventDate "2024.05.05"]
[WhiteTeam "Watford A"]
[BlackTeam "War and Piece A"]

1. e4 e5 2. Nf3 Nc6 3. Bb5 a6 4. Ba4 Qf6 5. c3 b5 6. Bb3 Bc5 7. d3 Nge7 8. O-O
d6 9. Be3 Bg4 10. Nbd2 Nd8 11. h3 h5 12. d4 Ba7 13. a4 exd4 14. cxd4 b4 15. Qc2
Qg6 16. Kh1 c6 17. Rac1 a5 18. Rfe1 Bd7 19. Qd1 f6 20. Nc4 Nb7 21. e5 d5 22.
Bc2 Qf7 23. exf6 gxf6 24. Nce5 fxe5 25. Nxe5 Qf6 26. Ng6 O-O-O 27. Qf3 Rhf8 28.
Qxf6 Rxf6 29. Nxe7+ Kc7 30. Bd1 Be8 31. Bf3 Kd6 32. Bg5 Rf8 33. Rcd1 Kd7 34.
Re3 Ra8 35. g4 Nd6 36. b3 hxg4 37. Bxg4+ Kc7 38. h4 Rxf2 39. Kg1 Rf8 40. Rf3
Bd7 41. Rxf8 Rxf8 42. Bxd7 Kxd7 43. Ng6 Rg8 44. Ne5+ Kc7 45. Nf3 Ne4 46. Kh2
Kb7 47. Re1 Bb8+ 48. Kh3 Nf2+ 49. Kg2 Ne4 50. Kh3 Nf2+ 51. Kg2 Nd3 52. Rd1 Nf4+
53. Kf1 Ne6 54. Rd2 Rf8 55. Kg2 Nxg5 56. hxg5 Bf4 57. Re2 Rg8 58. Re7+ Kb6 59.
Ne5 Bxg5 60. Nd7+ Kc7 61. Rh7 Be7+ 0-1

[Event "4NCL Division Four"]
[Site "Telford, ENG"]
[Date "2024.05.05"]
[Round "10.53"]
[White "Bradley, William"]
[Black "Dairi, Ramsey"]
[Result "1/2-1/2"]
[WhiteElo "1901"]
[BlackElo "1814"]
[PlyCount "72"]
[EventDate "2024.05.05"]
[WhiteTeam "War and Piece A"]
[BlackTeam "Watford A"]

1. e4 c5 2. Nc3 e6 3. f4 d5 4. Nf3 Nc6 5. Bb5 a6 6. Bxc6+ bxc6 7. d3 Be7 8. O-O
Nf6 9. Ne5 Qc7 10. Ng4 Bb7 11. Nxf6+ gxf6 12. b3 O-O-O 13. Qe1 Bd6 14. Na4 Rhg8
15. Qc3 e5 16. f5 h5 17. Nxc5 Rg7 18. a4 a5 19. b4 axb4 20. Qxb4 Bxc5+ 21. Qxc5
dxe4 22. dxe4 Rg4 23. Be3 Rxe4 24. Rfd1 Rd5 25. Qf8+ Qd8 26. Qxd8+ Kxd8 27.
Bb6+ Kc8 28. a5 Ba6 29. Rab1 Rc4 30. Rxd5 cxd5 31. Ba7 Rxc2 32. Rb6 Rc1+ 33.
Kf2 Rf1+ 34. Kg3 Rxf5 35. Rd6 d4 36. Bc5 e4 $11 1/2-1/2

[Event "4NCL Division Four"]
[Site "Telford, ENG"]
[Date "2024.05.05"]
[Round "10.54"]
[White "Liu, Jacob"]
[Black "Tarr, Steve F"]
[Result "1-0"]
[WhiteElo "1689"]
[BlackElo "1780"]
[PlyCount "47"]
[EventDate "2024.05.05"]
[WhiteTeam "Watford A"]
[BlackTeam "War and Piece A"]

1. e4 c5 2. Nf3 g6 3. c4 Nc6 4. d4 cxd4 5. Nxd4 Nf6 6. Nc3 Nxd4 7. Qxd4 Bg7 8.
e5 Ng8 9. c5 a6 10. Bc4 Nh6 11. Bxh6 Bxh6 12. h4 Bg7 13. h5 O-O 14. hxg6 hxg6
15. O-O-O d6 16. Qh4 Re8 17. Qh7+ Kf8 18. Rh6 e6 19. Rh4 Bxe5 20. cxd6 Qg5+ 21.
Kb1 Rd8 22. f4 Qf6 23. fxe5 Qxe5 24. Qh8+ 1-0

[Event "4NCL Division Four"]
[Site "Telford, ENG"]
[Date "2024.05.05"]
[Round "10.55"]
[White "Barnes, David"]
[Black "Dairi, Mahmoud"]
[Result "1/2-1/2"]
[WhiteElo "1738"]
[BlackElo "1310"]
[PlyCount "73"]
[EventDate "2024.05.05"]
[WhiteTeam "War and Piece A"]
[BlackTeam "Watford A"]

1. e4 c5 2. d4 cxd4 3. c3 dxc3 4. Bc4 e6 5. Nxc3 a6 6. Nf3 Nc6 7. O-O Nge7 8.
Qe2 g6 9. Rd1 Bg7 10. Bg5 O-O 11. Nd5 d6 12. Nf6+ Kh8 13. e5 d5 14. Rac1 Qc7
15. Bb3 h6 16. Qd2 hxg5 17. Qxg5 Nf5 18. Qg4 Qb8 19. Qh3+ Nh6 20. Rxc6 bxc6 21.
g4 Qb4 22. g5 Qf4 23. Rd4 Qf5 24. Ng4 f6 25. exf6 Rxf6 26. gxf6 Bf8 27. Nge5
Kh7 28. Qh4 c5 29. Rd1 c4 30. Ba4 Rb8 31. Nf7 Qh5 32. Qxh5 gxh5 33. Bc2+ Nf5
34. N7e5 Rxb2 35. Ng5+ Kh6 36. Ngf7+ Kh7 37. Ng5+ 1/2-1/2

[Event "4NCL Division Four"]
[Site "Telford, ENG"]
[Date "2024.05.05"]
[Round "10.56"]
[White "Dairi, Daniella"]
[Black "Ross, David C"]
[Result "0-1"]
[WhiteElo "778"]
[BlackElo "1710"]
[PlyCount "48"]
[EventDate "2024.05.05"]
[WhiteTeam "Watford A"]
[BlackTeam "War and Piece A"]

1. e4 e5 2. Nf3 Nc6 3. Bc4 Nf6 4. O-O Be7 5. Nc3 d6 6. h3 O-O 7. d3 Na5 8. Bd5
c6 9. Bb3 Nxb3 10. axb3 Be6 11. Be3 b6 12. Ne2 Qc7 13. c4 Rad8 14. Ra2 d5 15.
Qb1 dxe4 16. dxe4 h6 17. Qa1 Rd7 18. Nc3 Rfd8 19. Qe1 Bb4 20. Ra1 Nxe4 21. Qc1
Nxc3 22. bxc3 Bf8 23. g4 f6 24. Nh2 c5 0-1

[Event "4NCL Division Four"]
[Site "Telford, ENG"]
[Date "2024.05.05"]
[Round "10.61"]
[White "Wasilak, Piotr"]
[Black "Maung Maung Latt"]
[Result "1/2-1/2"]
[WhiteElo "1982"]
[BlackElo "1944"]
[PlyCount "40"]
[EventDate "2024.05.05"]
[WhiteTeam "Iceni 2"]
[BlackTeam "Coventry"]

1. e4 c6 2. Nf3 d5 3. exd5 cxd5 4. d4 Nf6 5. h3 Nc6 6. Bd3 e6 7. c3 Bd6 8. Nbd2
a6 9. a4 b6 10. O-O O-O 11. Re1 Qc7 12. Nf1 g6 13. Qd2 Re8 14. Qh6 Bf8 15. Qg5
Be7 16. Bf4 Qd8 17. Qh6 Bf8 18. Qh4 Be7 19. Qh6 Bf8 20. Qh4 Be7 $11 1/2-1/2

[Event "4NCL Division Four"]
[Site "Telford, ENG"]
[Date "2024.05.05"]
[Round "10.62"]
[White "Pink, Joshua"]
[Black "Rosenbach, Martin"]
[Result "1-0"]
[WhiteElo "1886"]
[BlackElo "1890"]
[PlyCount "43"]
[EventDate "2024.05.05"]
[WhiteTeam "Coventry"]
[BlackTeam "Iceni 2"]

1. Nc3 g6 2. e4 Bg7 3. Bc4 e6 4. d3 Ne7 5. h4 d5 6. exd5 Nxd5 7. Ne4 h6 8. Nf3
Nc6 9. Qe2 Nb6 10. Bb3 Na5 11. h5 Nxb3 12. axb3 g5 13. Nfxg5 hxg5 14. Bxg5 f6
15. h6 fxg5 16. hxg7 Rxh1+ 17. Kd2 Rd1+ 18. Rxd1 Kf7 19. Qh5+ Kxg7 20. Rh1 Qg8
21. Qxg5+ Kf7 22. Qf6+ 1-0

[Event "4NCL Division Four"]
[Site "Telford, ENG"]
[Date "2024.05.05"]
[Round "10.63"]
[White "Feavyour, John A"]
[Black "Goodwin, Ed H"]
[Result "1/2-1/2"]
[WhiteElo "1886"]
[BlackElo "1898"]
[PlyCount "101"]
[EventDate "2024.05.05"]
[WhiteTeam "Iceni 2"]
[BlackTeam "Coventry"]

1. d4 e6 2. e4 d5 3. e5 c5 4. c3 Nc6 5. Nf3 Bd7 6. Be2 cxd4 7. cxd4 Nge7 8. Nc3
Nf5 9. O-O Be7 10. g4 Nh4 11. Nxh4 Bxh4 12. Be3 a6 13. a3 Be7 14. b4 b5 15. Qd2
O-O 16. f4 f6 17. Bd3 Rf7 18. Qg2 Qc7 19. Rac1 Raf8 20. Qc2 g6 21. Ne2 fxe5 22.
fxe5 Rxf1+ 23. Rxf1 Rxf1+ 24. Kxf1 Be8 25. Nf4 Qd7 26. Kg2 Kg7 27. Qd2 Kg8 28.
h3 Na7 29. Qc3 Nc8 30. Bc2 Nb6 31. Nd3 Nc4 32. Bc1 Qc6 33. Nc5 Bxc5 34. bxc5
Qb7 35. Qf3 Qf7 36. Qxf7+ Kxf7 37. Kf3 Bc6 38. h4 a5 39. Ke2 b4 40. axb4 axb4
41. Bb3 Bb5 42. Kd1 Na5 43. Kc2 Be2 44. g5 Ke7 45. Ba4 Kd8 46. Bd2 b3+ 47. Bxb3
Nxb3 48. Kxb3 Kc7 49. Ba5+ Kc6 50. Kb4 Bf1 51. Bd8 1/2-1/2